000 00961cam a2200277 a 4500
001 651505
005 20230428151253.0
008 940225t19941990mdua b 001 0 eng c
010 _a 94007758
020 _a0683089374
040 _aDNLM/DLC
_cDLC
_dDLC
050 0 0 _aQP121
_b.W43 1995
060 1 0 _aWF 102 W518r 1995
082 0 0 _a612.2
_bWES
_220
100 1 _aWest, John B.
_q(John Burnard)
_9112003
245 1 0 _aRespiratory physiology-- the essentials /
_cJohn B. West.
250 _a5th ed.
260 _aBaltimore :
_bWilliams & Wilkins,
_cc1995.
300 _axii, 193 p. :
_bill. ;
_c23 cm.
504 _aIncludes bibliographical references (p. 182-185) and index.
650 0 _aRespiration.
_9112004
650 2 _aRespiration.
_9112004
906 _a7
_bcbu
_corignew
_d1
_eocip
_f19
_gy-gencatlg
942 _2ddc
_cBK
999 _c594576
_d594576